000 00647nab a2200181 4500
001 244442
003 OSt
005 20240730074303.0
007 tu
008 200917s2020|||||||
040 _aDE-2950
_cDE-2950
245 0 0 _aSanierung kostet 1,4 Millionen Euro mehr
_bInvestition. Die Stadt braucht erneut eine weitere Millionensumme, um die Rathaus-Sanierung zu Ende zu bringen. Die Stadtverordneten verlangen nach Aufklärung/
_cThomas Gutke
264 _c2024
653 _aFrankfurt (Oder)
653 _aRathaussanierung
773 0 _g35. Jahrgang (2024) Nr. 166 vom 18.07.2024, S. 13 mit Foto
_tMärkische Oderzeitung
942 _2z
_cA
999 _c373261
_d373261